| 000 | 00839nam a2200193Ia 4500 | ||
|---|---|---|---|
| 999 |
_c49078 _d49078 |
||
| 001 | 15985 | ||
| 003 | GE_BSU | ||
| 005 | 20230823114403.0 | ||
| 008 | 181216s1974||||ge |||||||||||||| ||geo|| | ||
| 040 | _cGE_BSU | ||
| 041 | _ageo | ||
| 080 | _a821.353.1-4 + 631.6(479.22) ჯ-26 | ||
| 100 |
_aჯაფარიძე, რ. _919703 |
||
| 245 |
_aმწვანე ზამთრის ქვეყანა : _b[კოლხეთის ჭაობიანი ველების პერსპექტივის საკითხისათვის. ნარკვევი] / _cრ. ჯაფარიძე. |
||
| 264 |
_aთბილისი : _bმერანი, _c1974. |
||
| 300 |
_a82გვ. ; _b17სმ. |
||
| 653 | _aკოლხეთის ჭაობების ამოშრობა | ||
| 942 |
_cBK _2udc |
||